| 000 | 00603 a2200217 4500 | ||
|---|---|---|---|
| 005 | 20260417154559.0 | ||
| 008 | 260417b |||||||| |||| 00| 0 eng d | ||
| 020 |
_a9789353168148 _cRs. 1030.00 |
||
| 040 | _aMAIN | ||
| 082 |
_a658.4 _bK837E(11) |
||
| 100 | _aKoontz, Harold | ||
| 245 | _aEssentials of management: An international, innovation, and leadership perspective | ||
| 250 | _a11th | ||
| 260 |
_bMcGraw Hill Education _aChennai _c2025 |
||
| 300 | _axli, 590 | ||
| 650 | _aManagement | ||
| 650 | _aLeadership | ||
| 700 | _aWeihrich, Heinz | ||
| 700 | _aCannice, Mark V | ||
| 942 | _cBK | ||
| 999 |
_c396978 _d396978 |
||